Responses for Show #5821 - Monday, December 28, 2009

Stephen Weingarten game 3.

Contestants

[<< previous game]

Kathy Shinkle, a public relations director from Hermosa Beach, California

Vince Camillo, a food stylist from New York, New York

Stephen Weingarten, a paraeducator from Portland, Oregon (whose 2-day cash winnings total $47,900)

[next game >>]

Jeopardy! Round responses

FRANCE
DAYS OF THE WEEK
BEN & JERRY'S FLAVORS
"HAL"
2001
I'M SORRY DAVE
    $200 16
(Stephen: What is Breton?)

Flemish

StephenKathy
    $200 8
Monday

Stephen
    $200 6
Cherry Garcia

Vince
    $200 21
hallelujah

Stephen
    $200 26
Venus Williams

Kathy
    $200 1
David Beckham

Stephen
    $400 17
(Kathy: What is a gram?)

a kilogram

StephenKathy
    $400 9
Tuesday

Kathy
    $400 7
Chunky Monkey

Kathy
    $400 22
halibut

Stephen
    $400 27
MiloŇ°ević

Stephen
    $400 2
(Vince: Who is Dave Thomas?)

David Spade

StephenVince
    $600 18
Utah

Stephen
    $600 10
Wednesday

Kathy
    $600 13
Fossil Fuel

Vince
    $600 23
Edmund Halley

Stephen
    $600 28
the TSA (Transportation Security Administration)

Stephen
    $600 3
(Vince: Who is Richard Nixon?)
(Kathy: Who is David Letterman?)
...
(Alex: Frost/Nixon was the film.)

David Frost

StephenVinceKathy
    $800 19
the (French) Academy

Stephen
    $800 11
Thursday

Kathy
    $800 14
Jamaica

Stephen
    $800 24
halitosis

Kathy
    $800 29
(Stephen: What is mad cow?)

hoof-and-mouth

StephenKathy
    $800 4
(Kathy: Who is David Archette?)
(Alex: Say it again.)
(Kathy: David Archette?)

David Archuleta

VinceKathy
    $1000 20
Napoleon III

Stephen
    $1000 12
(Alex: Yes, we didn't fool you on that one. We thought somebody might ring in and go for Friday.)

Saturday

Vince
    $1,500 15
Marzipan

Stephen
    $1000 25
halite

Vince
    $1000 5
John McCain

Stephen

Scores at the first commercial break (after clue 15):

Stephen Vince Kathy
$4,700 $1,600 $800

Scores at the end of the Jeopardy! Round:

Stephen Vince Kathy
$8,700 $2,600 $2,400

Double Jeopardy! Round responses

VIVA VIVALDI!
HIT TV SHOWS IN OTHER WORDS
TIME LINES
IBM
COLLEGES & UNIVERSITIES
3 "T"s
    $400 24
Venice

Stephen
    $400 18
The Sopranos

Vince
    $400 7
Benjamin Franklin

Vince
    $400 3
International Business Machines

Vince
    $400 1
the University of Georgia

Kathy
    $400 13
bittersweet

Vince
    $800 28
asthma

Stephen
    $800 19
Desperate Housewives

Kathy
    $800 8
Faustus

Vince
    $800 10
a computer

Stephen
    $800 2
Howard

Stephen
    $800 14
attempt

Kathy
    $1200 29
priest

Stephen
    $1200 20
Hollywood Squares

Kathy
    $1200 9
the sands of time

Kathy
    $1200 23
floppy disk

Vince
    $1200 4
(Stephen: What is UCLA?)
(Kathy: What is USC?)

Caltech

StephenKathy
Triple Stumper
    $1200 15
straitjacket

Vince
    $100 30
(Stephen: Oh, goodness. Uh, I--I think I'm just gonna risk $100.)
(Alex: $100 only? Not a big Vivaldi fan, are you?)
...
[Stephen's grimace makes clear he wishes he'd wagered more.]

The Four Seasons

Stephen
    $1600 21
Laverne & Shirley

Vince
    $1600 11
the Walrus

Triple Stumper
    $1600 25
"Big Blue"

Stephen
    $1600 5
the Coast Guard Academy

Kathy
    $3,000 16
cottonmouth

Vince
    $2000 27
cantatas

Vince
    $2000 22
Streets of San Francisco

Kathy
    $2000 12
a chariot

Vince
    $2000 26
(Alex: And their last name was [*].
With a minute to go now, Stephen.)

Watson

Triple Stumper
    $2000 6
Salem (Oregon)

Stephen
    $2000 17
gastroenterologist

Vince

Scores at the end of the Double Jeopardy! Round:

Stephen Vince Kathy
$15,200 $18,000 $9,200

[wagering suggestions for these scores]

Final Jeopardy! Round responses

AMERICAN HISTORY
KathyWhat was the Secret Service?
$6,500
StephenWhat is the Secret Service?
$15,198
VinceWhat is the FBI?
$12,401
the Secret Service

Final scores:

Stephen Vince Kathy
$30,398 $5,599 $15,700
3-day champion: $78,298 3rd place: $1,000 2nd place: $2,000

Game dynamics:

Coryat scores:

Stephen Vince Kathy
$16,200 $16,600 $9,200
24 R
(including 2 DDs),
3 W
17 R
(including 1 DD),
2 W
15 R,
4 W

Combined Coryat: $42,000

[game] [game scores] [suggest correction]

Game tape date: 2009-11-10
The J! Archive is created by fans, for fans. Scraping, republication, monetization, and malicious use prohibited; this site may use cookies and collect identifying information. See terms. The Jeopardy! game show and all elements thereof, including but not limited to copyright and trademark thereto, are the property of Jeopardy Productions, Inc. and are protected under law. This website is not affiliated with, sponsored by, or operated by Jeopardy Productions, Inc. Join the discussion at JBoard.tv.